| 000 | 00438nam a2200205Ia 4500 | ||
|---|---|---|---|
| 001 | 14463 | ||
| 003 | GE_BSU | ||
| 008 | 181216s||||||||xx |||||||||||||| ||und|| | ||
| 020 | _a0552135232 | ||
| 040 | _cGE_BSU | ||
| 080 | _a821.111-31 | ||
| 100 | _aSteel,Danielle | ||
| 245 | _aNo Greater Love | ||
| 260 | _aCambridge | ||
| 260 | _bCorgi books | ||
| 260 | _c1991 | ||
| 300 | _a380p.18cm. | ||
| 653 | _aNo Greater Love | ||
| 942 | _cBK | ||
| 999 |
_c47596 _d47596 |
||